Search the Library Catalogue
| 000 -LEADER | |
|---|---|
| fixed length control field | 00337nam a2200133 a 4500 |
| 008 - FIXED-LENGTH DATA ELEMENTS--GENERAL INFORMATION | |
| fixed length control field | 260213s2026##################000#0#eng## |
| 020 ## - INTERNATIONAL STANDARD BOOK NUMBER | |
| ISBN | 9781849710206 |
| 082 04 - DEWEY DECIMAL CLASSIFICATION NUMBER | |
| Classification number | 333.95316094 |
| Item number | VEL |
| 100 ## - MAIN ENTRY--AUTHOR NAME | |
| Personal name | Vellve, Renee |
| 245 10 - TITLE STATEMENT | |
| Title | Saving the Seed |
| Statement of responsibility, etc | Renee Vellve |
| 260 ## - PUBLICATION, DISTRIBUTION, ETC. (IMPRINT) | |
| Place of publication | Routledge, 2009. |
| 942 ## - ADDED ENTRY ELEMENTS (KOHA) | |
| Koha item type | English Books |
| Withdrawn status | Lost status | Damaged status | Not for loan | Home library | Current library | Shelving location | Date acquired | Full call number | Accession Number | Price effective from | Koha item type |
|---|---|---|---|---|---|---|---|---|---|---|---|
| Anna Centenary Library | Anna Centenary Library | 4TH FLOOR, A WING | 13.02.2026 | 333.95316094 VEL | 400292 | 13.02.2026 | English Books | ||||
| Anna Centenary Library | Anna Centenary Library | 13.02.2026 | 333.95316094 VEL | 440663 | 13.02.2026 | English Books |